[Event "1/64 Finale"]
[Site "www.chess-mail.com"]
[Date "2015.03.10"]
[Round "1"]
[White "George1955"]
[Black "Bluetealeaf"]
[WhiteElo "2650"]
[BlackElo "1710"]
[Result "1-0"]
[Round "1"]
1.e4 e5
2.Ng1f3 Qd8f6
3.Nb1c3 c6
4.d4 d6
5.dxe5 dxe5
6.Bc1g5 Qf6d6
7.Nf3xe5 Qd6xd1
8.Ra1xd1 Nb8d7
9.Nc3b5 cxb5
10.Bf1xb5 Bf8c5
11.Ne5xd7 Bc8xd7
12.Rd1xd7 Ng8f6
13.Bg5xf6 gxf6
14.Rd7c7 Kf8
15.Rc7xc5 Ra8d8
16.Rc5c7 a6
17.Bb5c4 Kg7
18.Rc7xf7 Kg6
19.Rf7xb7 Rd8d4
20.Bc4d3 Rh8e8
21.O-O h5
22.f4 h4
23.f5 Kh6
24.Rf1f4 Kg5
25.g3 hxg3
26.hxg3 Re8g8
27.Rf4h4 Rd4d8
28.Rb7h7 Rg8g6
29.Rh7h5 
1-0

[Event "1/128 Finale"]
[Site "www.chess-mail.com"]
[Date "2015.03.10"]
[Round "1"]
[White "Generalfree"]
[Black "Nimzo2"]
[WhiteElo "1820"]
[BlackElo "1939"]
[Result "0-1"]
[Round "1"]
1.e4 c5
2.c3 Nb8c6
3.Bf1e2 Ng8f6
4.d3 d5
5.f3 g6
6.h3 Bf8g7
7.Bc1e3 d4
8.cxd4 cxd4
9.Be3g5 Qd8a5
10.Bg5d2 Qa5c7
11.f4 O-O
12.g3 g5
13.Nb1a3 Bg7h6
14.Kf2 gxf4
15.gxf4 Bh6xf4
16.Ng1f3 Nf6e8
17.Na3b5 Bf4e3
18.Bd2xe3 dxe3
19.Kxe3 Qc7b6
20.d4 e5
21.Kf2 a6
{ resign }
0-1

[Event "Eq:Angels of Checkmate-Slap Shot Mates : "]
[Site "www.chess-mail.com"]
[Date "2015.03.10"]
[Round "1"]
[White "Haukia"]
[Black "Tatar"]
[WhiteElo "2190"]
[BlackElo "2700"]
[Result "0-1"]
[Round "1"]
1.e4 g6
2.d4 Bf8g7
3.Nb1c3 a6
4.Ng1f3 b5
5.Bf1e2 Bc8b7
6.Bc1e3 d6
7.O-O Nb8d7
8.Qd1d2 b4
9.Nc3d5 a5
10.a3 e6
11.Nd5f4 Bb7xe4
12.axb4 axb4
13.Qd2xb4 Ng8f6
14.Nf3g5 Be4f5
15.Be2d3 O-O
16.Bd3xf5 exf5
17.Ng5f3 Nf6g4
18.Be3d2 c5
19.Ra1xa8 Qd8xa8
20.Qb4b5 Ng4f6
21.b3 Rf8b8
22.Qb5d3 cxd4
23.Qd3xd4 g5
24.Nf4d3 Nf6e4
25.Qd4e3 h6
26.Bd2b4 Nd7f6
27.Qe3c1 Nf6d5
28.Bb4d2 Nd5c3
29.Rf1e1 Rb8c8
30.h3 Qa8a2
31.Nd3b4 Qa2a5
32.Nb4d3 Qa5d5
33.Bd2xc3 Bg7xc3
34.Re1e2 Rc8a8
35.Qc1e3 Ra8a1
36.Kh2 Ra1f1
37.g4 Ne4f6
{ resign }
0-1

[Event "Eq:La Taverne-Equipo Juan Diaz : "]
[Site "www.chess-mail.com"]
[Date "2015.03.10"]
[Round "1"]
[White "Quetzaltcoal"]
[Black "Nestor"]
[WhiteElo "2040"]
[BlackElo "2100"]
[Result "0-1"]
[Round "1"]
1.d4 d5
2.c4 Nb8c6
3.cxd5 Qd8xd5
4.e3 e5
5.Nb1c3 Bf8b4
6.Bc1d2 Bb4xc3
7.Bd2xc3 e4
8.Ng1e2 Bc8g4
9.h3 Bg4xe2
10.Bf1xe2 Ng8f6
11.O-O O-O
12.Qd1a4 Nf6d7
13.Be2c4 Qd5g5
 { time }
0-1

[Event "Fast Game"]
[Site "www.echecsemail.com"]
[Date "2015.03.10"]
[Round "1"]
[White "Tomasseeber"]
[Black "Cristiano"]
[WhiteElo "1599"]
[BlackElo "1579"]
[Result "1-0"]
[Round "1"]
1.Ng1f3 Nb8c6
2.d4 d5
3.h3 Ng8f6
4.Bc1f4 e6
5.e3 Bf8e7
6.c4 O-O
7.Nb1c3 a6
8.a3 Be7d6
9.Nf3e5 Bc8d7
10.Qd1b3 Nc6a5
11.Qb3a2 Ra8b8
12.cxd5 exd5
13.Ne5xd7 Qd8xd7
14.Nc3xd5 Qd7e6
15.Nd5xf6 Qe6xf6
16.Bf4xd6 Qf6xd6
17.b4 Na5c6
18.Bf1e2 Kh8
19.O-O Nc6e7
20.Ra1c1 c6
21.Rc1c5 b6
22.Rc5c2 Rb8a8
23.Rf1c1 h6
24.Be2f3 Ra8c8
25.Qa2c4 b5
26.Qc4c5 Qd6e6
27.Qc5b6 Rc8a8
28.Bf3xc6 Rf8b8
29.Qb6c7 Ne7xc6
30.Rc2xc6 Qe6e8
31.d5 Kg8
32.Kf1 Qe8e4
33.d6 Qe4d3
34.Kg1 Rb8d8
35.Rc6xa6 Ra8xa6
36.Qc7xd8 Kh7
37.d7 Ra6d6
38.Rc1c7 Qd3xa3
39.Qd8e7 Qa3a1
40.Kh2 Qa1f6
41.Qe7e4 g6
42.Qe4e8 Rd6d5
43.Rc7c8 h5
44.d8Q Rd5xd8
45.Rc8xd8 g5
46.Qe8g8 Kh6
47.Qg8f8 Kh7
48.Rd8d6 Qf6e5
49.g3 Qe5g7
50.Qf8xg7 { resign }
1-0

[Event "Fast Game"]
[Site "www.echecsemail.com"]
[Date "2015.03.10"]
[Round "1"]
[White "Korto"]
[Black "Tenzinnima"]
[WhiteElo "2060"]
[BlackElo "1900"]
[Result "1-0"]
[Round "1"]
1.d4 Ng8f6
2.c4 g6
3.Ng1f3 Bf8g7
4.Nb1c3 d5
5.cxd5 Nf6xd5
6.e4 Nd5xc3
7.bxc3 c5
8.Bf1b5 Nb8c6
9.d5 a6
10.Bb5e2  { time }
1-0

[Event "Fast Game"]
[Site "www.echecsemail.com"]
[Date "2015.03.10"]
[Round "1"]
[White "Tenzinnima"]
[Black "Gerailen0075"]
[WhiteElo "1900"]
[BlackElo "1879"]
[Result "0-1"]
[Round "1"]
1.c4 c5
2.Nb1c3 Ng8f6
3.g3 g6
4.Bf1g2 Bf8g7
5.Ng1f3 O-O
6.O-O Nb8c6
7.d4 d6
8.Bc1e3 Qd8a5
9.d5 Nc6b4
10.Qd1d2 Nb4a6
 { time }
0-1

[Event "Fast Game"]
[Site "www.echecsemail.com"]
[Date "2015.03.10"]
[Round "1"]
[White "Gerailen0075"]
[Black "Stevep84"]
[WhiteElo "1879"]
[BlackElo "2060"]
[Result "0-1"]
[Round "1"]
1.e4 c6
2.Nb1c3 d5
3.d4 dxe4
4.Nc3xe4 Bc8f5
5.Ne4g3 Bf5g6
6.f4 Ng8f6
7.Ng1f3 e6
8.Bf1d3 Bg6xd3
9.Qd1xd3 Qd8c7
10.O-O Nb8d7
11.f5 O-O-O
12.fxe6 Nd7c5
13.Qd3a3 Nc5xe6
14.Qa3xa7 Qc7d6
15.c3 Nf6d5
16.Nf3e5 Rd8d7
17.Ne5xd7 Qd6xd7
18.a4 c5
19.a5 cxd4
20.cxd4 Qd7c7
21.Bc1d2 Ne6xd4
22.Ra1c1 Nd4c6
23.Rf1xf7 Nc6xa7
{ resign }
0-1

[Event "Tourn. n8097"]
[Site "www.chess-mail.com"]
[Date "2015.03.11"]
[Round "1"]
[White "Tomcapp"]
[Black "F14"]
[WhiteElo "1540"]
[BlackElo "1599"]
[Result "0-1"]
[Round "1"]
1.e4 c5
2.Bf1c4 e6
3.Ng1f3 d6
4.d4 cxd4
5.Nf3xd4 Bf8e7
6.Bc1f4 e5
7.Qd1h5 g6
8.Qh5f3 exf4
9.Qf3xf4 Ng8f6
10.O-O Nb8c6
11.Nb1c3 Nc6xd4
12.Qf4h6 Be7f8
13.Qh6f4 Bf8g7
14.Nc3d5 O-O
15.Ra1d1 Nf6xd5
16.Bc4xd5 Nd4xc2
17.h3 Nc2b4
18.a4 a5
19.Rd1d4 Bg7xd4
20.Qf4g3 Nb4xd5
21.Kh2 Bd4e5
22.f4 Nd5xf4
23.Rf1c1 Nf4e2
24.Rc1c3 Be5xg3
25.Kh1 Ne2xc3
26.bxc3 f5
27.exf5 Bc8xf5
28.c4 Qd8e7
29.Kg1 Qe7e1

0-1

[Event "Tourn. n8091"]
[Site "www.chess-mail.com"]
[Date "2015.03.11"]
[Round "1"]
[White "Hali"]
[Black "Vasylpuzanov"]
[WhiteElo "2170"]
[BlackElo "2140"]
[Result "0-1"]
[Round "1"]
1.e4 e5
2.Nb1c3 Nb8c6
3.Bf1c4 Bf8c5
4.Qd1g4 Kf8
5.Qg4f3 Ng8f6
6.Ng1e2 d6
7.O-O Bc8g4
8.Qf3g3 h5
9.d3 h4
10.Qg3e3 Bc5xe3
11.fxe3 Nc6a5
{ resign }
0-1

[Event "Tourn. n8081"]
[Site "www.chess-mail.com"]
[Date "2015.03.11"]
[Round "1"]
[White "E4player"]
[Black "Emmanuelasi"]
[WhiteElo "2410"]
[BlackElo "2320"]
[Result "1-0"]
[Round "1"]
1.e4 Nb8c6
2.Ng1f3 e5
3.Bf1c4 Bf8c5
4.O-O Ng8f6
5.d4 Bc5xd4
6.Nf3xd4 Nc6xd4
7.Bc1g5 h6
8.Bg5h4 g5
9.f4 Nd4c6
10.Bc4xf7 Kxf7
11.fxg5 Kg7
12.gxf6 Kf8
13.Qd1g4 Rh8g8
14.Qg4h5 d6
15.Qh5xh6 Kf7
16.Qh6h7 { resign }
1-0

[Event "Tourn. n8076"]
[Site "www.chess-mail.com"]
[Date "2015.03.11"]
[Round "1"]
[White "Cardiff"]
[Black "Francesco"]
[WhiteElo "1960"]
[BlackElo "2090"]
[Result "1/2-1/2"]
[Round "1"]
1.d4 d5
2.Ng1f3 Bc8g4
3.Nb1d2 Ng8f6
4.h3 Bg4h5
5.c4 dxc4
6.Nd2xc4 Nb8c6
7.e3 e6
8.Bf1e2 Bf8b4
9.Bc1d2 Bb4xd2
10.Qd1xd2 O-O
11.O-O Nf6d5
12.Nc4e5 Nc6xe5
13.Nf3xe5 Bh5xe2
14.Qd2xe2 Ra8c8
15.Ra1c1 Qd8e7
16.a3 c5
17.dxc5 f6
18.Ne5d3 e5
19.b4 { draw }
1/2-1/2

[Event "Tourn. n8040"]
[Site "www.chess-mail.com"]
[Date "2015.03.11"]
[Round "1"]
[White "Aperturaf"]
[Black "Difficult"]
[WhiteElo "2250"]
[BlackElo "2050"]
[Result "1-0"]
[Round "1"]
1.e4 c5
2.Ng1f3 Nb8c6
3.Bf1b5 g6
4.O-O Bf8g7
5.c3 a6
6.Bb5xc6 dxc6
7.d3 e5
8.a4 Ng8e7
9.Nb1a3 O-O
10.Bc1e3 b6
11.a5 Bc8g4
12.axb6 Qd8xb6
13.Na3c4 Qb6a7
14.b4 Qa7c7
15.Be3xc5 Rf8e8
16.Bc5d6 Qc7b7
17.Bd6xe5 Bg4xf3
18.Qd1xf3 Bg7xe5
19.Nc4xe5 Re8f8
20.Qf3f6 Ra8e8
21.f4 Qb7c7
22.Ra1xa6 Re8c8
23.Rf1a1 Rc8b8
24.Ra6a7 Rb8b7
25.Ne5g4 { resign }
1-0

[Event "Tourn. n8007"]
[Site "www.chess-mail.com"]
[Date "2015.03.11"]
[Round "1"]
[White "Hundegana"]
[Black "Malbertan"]
[WhiteElo "1920"]
[BlackElo "1950"]
[Result "0-1"]
[Round "1"]
1.e4 g5
2.Qd1g4 h6
3.h4 d5
4.Qg4e2 dxe4
5.Qe2xe4 Ng8f6
6.Qe4c4 g4
7.Ng1e2 Nb8c6
8.Ne2g3 Bc8e6
9.Qc4b5 Qd8d7
10.Qb5xb7 Ra8b8
11.Qb7a6 Rb8b6
12.Qa6d3 Bf8g7
13.Qd3xd7 Nf6xd7
14.c3 O-O
15.Bf1d3 Nd7c5
16.Bd3c2 Rb6a6
17.a3 Be6b3
18.Bc2e4 Nc5xe4
19.Ng3xe4 Bb3c2
20.Ne4c5 Ra6a5
21.d4 e5
22.Kd2 Bc2xb1
23.Ra1xb1 exd4
24.cxd4 Bg7xd4
25.Nc5d3 Rf8d8
26.b4 Ra5d5
27.Ke2 Rd8e8
28.Kf1 Bd4c3
29.Bc1xh6 Rd5xd3
30.g3 Nc6d4
31.Kg2 Nd4f5
32.Bh6f4 Bc3e5
33.Bf4c1 Be5d6
34.h5 Re8e2
35.h6 Kh7
36.Rb1b2 Re2xb2
37.Bc1xb2 Rd3d2
38.Bb2f6 Nf5e3
39.Kg1 Rd2d1
40.Kh2 Rd1xh1
41.Kxh1 Ne3c4
42.Bf6c3 Nc4xa3
43.Kg2 Kxh6
44.Kf1 Na3b5
45.Bc3d2 Kg6
46.Ke2 Nb5d4
47.Kd3 Nd4c6
48.b5 Nc6e5
49.Ke4 f5
50.Kd5 Ne5f3
51.Bd2e3 Nf3g5
52.Be3xa7 Ng5e4
53.Kc6 Kf7
54.Ba7d4 Ke6
55.b6 cxb6
56.Bd4xb6 Bd6b4
57.Kb5 Bb4e1
58.Kc4 Be1xf2
59.Bb6xf2 Ne4xf2
60.Kd4 Nf2h1
61.Ke3 Nh1xg3
62.Kf4 Ng3e2
63.Ke3 Ne2c3
64.Kf4 Nc3e4
65.Ke3 Ke5
66.Ke2 f4
67.Ke1 Kd4
68.Ke2 f3
69.Ke1 Ke3
70.Kf1 Ne4d2
71.Kg1 f2
72.Kh2 f1Q
73.Kg3 Qf1f3
74.Kh4 g3
75.Kh3 g2
76.Kh2 Qf3f1
{ resign }
0-1

[Event "Tourn. n8102"]
[Site "www.chess-mail.com"]
[Date "2015.03.11"]
[Round "1"]
[White "Jjmcbride"]
[Black "Kesalon"]
[WhiteElo "1780"]
[BlackElo "1679"]
[Result "0-1"]
[Round "1"]
1.e4 e5
2.d4 exd4
3.Qd1xd4 Nb8c6
4.Qd4d1 d6
5.h3 Ng8f6
6.Bf1d3 Bf8e7
7.Ng1f3 O-O
8.O-O Rf8e8
9.Rf1e1 Be7f8
10.c3 Nc6e5
11.Nf3xe5 Re8xe5
12.g4 g6
13.f4 Re5e8
14.f5 Bf8g7
15.g5 Nf6d7
16.fxg6 fxg6
17.Bd3c4 Kh8
18.Bc4f7 Re8f8
19.Re1f1 Nd7e5
20.Qd1d5 Qd8e7
21.Bf7xg6 Ne5xg6
22.Bc1e3 c6
23.Qd5d2 Bc8xh3
24.Rf1f2 Rf8xf2
25.Qd2xf2 Qe7xe4
26.Nb1d2 Qe4g4
27.Kh1 Ra8f8
28.Qf2h2 Bg7e5
29.Ra1g1 Qg4e6
30.Qh2e2 Qe6d5
31.Rg1g2 Ng6h4
32.c4 Qd5xg2
33.Qe2xg2 Bh3xg2
34.Kg1 Bg2h3
35.g6 Nh4f3
{ resign }
0-1

[Event "Tourn. n8036"]
[Site "www.chess-mail.com"]
[Date "2015.03.11"]
[Round "1"]
[White "Goga"]
[Black "Samael"]
[WhiteElo "1980"]
[BlackElo "2090"]
[Result "1-0"]
[Round "1"]
1.c4 e5
2.Nb1c3 Ng8f6
3.g3 c6
4.Bf1g2 d5
5.cxd5 cxd5
6.d3 Bc8e6
7.Qd1b3 Qd8d7
8.Ng1f3 Bf8e7
9.Qb3b5 O-O
10.Nf3xe5 Qd7xb5
11.Nc3xb5 Nb8a6
12.a3 Rf8c8
13.Bc1e3 Be7c5
14.d4 Bc5e7
15.O-O Na6c7
16.Nb5c3 h6
17.Rf1d1 a6
18.Ra1c1 b5
19.b4 Be7d6
20.Ne5d3 Nf6g4
21.Be3f4 Bd6xf4
22.Nd3xf4 Ng4f6
23.e4 Rc8d8
24.exd5 Nc7xd5
25.Nc3xd5 Nf6xd5
26.Rc1c5 Nd5xf4
27.Bg2xa8 Nf4h3
28.Kg2 Rd8xa8
29.d5 Be6f5
30.d6 Ra8d8
31.Rc5xf5 Nh3g5
32.Rf5c5 Kf8
33.Rc5c7 Ng5e4
34.Rc7c6 { resign }
1-0

[Event "Tourn. n8068"]
[Site "www.chess-mail.com"]
[Date "2015.03.11"]
[Round "1"]
[White "Colchester"]
[Black "Nimzo2"]
[WhiteElo "1860"]
[BlackElo "1659"]
[Result "0-1"]
[Round "1"]
1.d4 d5
2.c4 Nb8c6
3.cxd5 Qd8xd5
4.e3 e5
5.Nb1c3 Bf8b4
6.Bc1d2 Bb4xc3
7.bxc3 Qd5d6
8.Qd1c2 Ng8f6
9.Bf1b5 Bc8d7
10.Ng1e2 O-O
11.O-O Rf8d8
12.Rf1d1 Nf6d5
13.e4 Nd5b6
14.Bd2e3 Nc6b4
15.cxb4 Bd7xb5
16.dxe5 Qd6xb4
17.Ne2g3 Nb6c4
18.Ra1b1 Qb4a5
19.Rd1d5 Rd8xd5
20.exd5 Nc4a3
{ resign }
0-1

[Event "Tourn. n8031"]
[Site "www.chess-mail.com"]
[Date "2015.03.11"]
[Round "1"]
[White "Samael"]
[Black "Blackpool"]
[WhiteElo "2090"]
[BlackElo "1900"]
[Result "1-0"]
[Round "1"]
1.d4 Ng8f6
2.Ng1f3 d5
3.e3 Bc8g4
4.Bf1e2 c6
5.h3 Bg4xf3
6.Be2xf3 g6
7.O-O Bf8g7
8.Nb1c3 O-O
9.a3 Nb8d7
10.Bc1d2 e5
11.dxe5 Nd7xe5
12.Bf3e2 Qd8e7
13.Ra1b1 Rf8d8
14.Qd1c1 Ra8c8
15.Rf1e1 Qe7c7
16.f4 Ne5d7
17.Be2f3 Nd7b6
18.b3 Rd8e8
19.a4 Rc8d8
20.Nc3e2 Nf6e4
21.Bf3xe4 Re8xe4
22.Ne2c3 Re4e8
23.Nc3a2 d4
24.exd4 Bg7xd4
25.Kh1 Bd4f2
26.Re1xe8 Rd8xe8
27.Qc1f1 Bf2e3
28.Rb1e1 { resign }
1-0

[Event "Tourn. n8080"]
[Site "www.chess-mail.com"]
[Date "2015.03.11"]
[Round "1"]
[White "Guidom"]
[Black "Blackpool"]
[WhiteElo "2060"]
[BlackElo "1990"]
[Result "1-0"]
[Round "1"]
1.e4 c5
2.Ng1f3 d6
3.d4 cxd4
4.Nf3xd4 Ng8f6
5.Bf1d3 g6
6.c3 Bf8g7
7.O-O O-O
8.Bc1g5 Nb8d7
9.Nb1d2 Nd7e5
10.Bd3c2 a6
11.Kh1 h6
12.Bg5h4 Qd8c7
13.f4 Ne5c4
14.Nd2xc4 Qc7xc4
15.Bc2b3 Qc4c7
16.Qd1e2 Bc8g4
17.Qe2e3 b5
18.h3 Bg4c8
19.f5 g5
20.Bh4g3 Qc7a7
21.Ra1d1 Bc8b7
22.e5 dxe5
23.Bg3xe5 Rf8d8
24.Rf1e1 Ra8c8
25.Rd1d2 Rd8d7
26.Re1d1 Rc8d8
27.Qe3e2 Nf6e4
28.Be5h2 Ne4xd2
29.Rd1xd2 Bg7xd4
30.cxd4 Rd7xd4
31.Rd2xd4 Qa7xd4
32.Qe2xe7 Rd8d7
33.Qe7e8 Kh7
34.Bb3xf7 Qd4d1
35.Bh2g1 Rd7d8
36.Bf7g6 Kg7
37.Qe8f7 { resign }
1-0

[Event "Tourn. n8016"]
[Site "www.chess-mail.com"]
[Date "2015.03.11"]
[Round "1"]
[White "Terrible"]
[Black "Osopanda"]
[WhiteElo "2290"]
[BlackElo "2100"]
[Result "1-0"]
[Round "1"]
1.d4 Ng8f6
2.Ng1f3 d5
3.c4 c6
4.Nb1c3 g6
5.cxd5 cxd5
6.g3 Nb8c6
7.Bf1g2 Bf8g7
8.O-O O-O
9.Bc1f4 Nf6h5
10.Bf4e3 f5
11.Qd1d2 e6
12.Be3g5 Nh5f6
13.Nf3e5 Qd8d6
14.Nc3b5 Qd6b8
15.Bg5f4 Nf6h5
16.Ne5d7 Bc8xd7
17.Bf4xb8 Ra8xb8
18.e3 a6
19.Nb5c3 b5
20.Ra1c1 Nh5f6
21.Rf1d1 Nf6e4
22.Qd2e2 Rf8d8
23.Nc3xe4 fxe4
24.Qe2d2 e5
25.dxe5 Nc6xe5
26.Qd2xd5 Kh8
27.Qd5xe4 Bd7f5
28.Rd1xd8 Rb8xd8
29.Qe4b7 Ne5c4
30.Qb7c7 Rd8c8
31.Qc7e7 Bg7xb2
32.Rc1d1 a5
33.Rd1d8 Rc8xd8
34.Qe7xd8 Kg7
35.Qd8e7 Kh6
36.e4 Bf5c8
37.Qe7f8 { resign }
1-0

[Event "Tourn. n7932"]
[Site "www.chess-mail.com"]
[Date "2015.03.11"]
[Round "1"]
[White "Colchester"]
[Black "Bigoak"]
[WhiteElo "1800"]
[BlackElo "1990"]
[Result "1/2-1/2"]
[Round "1"]
1.Ng1f3 Ng8f6
2.c4 d6
3.d4 g6
4.Nb1c3 Bf8g7
5.e4 O-O
6.Bf1e2 b6
7.Be2d3 Nb8d7
8.O-O e5
9.dxe5 Nd7xe5
10.Nf3xe5 dxe5
11.Nc3d5 c6
12.Nd5xf6 Qd8xf6
13.Qd1e2 c5
14.Bc1e3 Qf6e6
15.Ra1d1 Bc8b7
16.Bd3c2 f5
17.exf5 gxf5
18.f4 e4
19.b3 Ra8d8
20.Rd1xd8 Rf8xd8
21.Rf1d1 Bg7d4
22.h3 h6
23.Kh1 Qe6f6
24.Be3f2 Qf6g7
25.Bf2e3 Rd8d7
26.Rd1f1 Kh7
27.Be3f2 Bd4c3
28.Rf1d1 Rd7xd1
29.Bc2xd1 Bc3d4
30.Kg1 Qg7c7
31.Kh1 Qc7c6
32.Bf2e3 Bd4xe3
33.Qe2xe3 Qc6d6
34.Bd1e2 Qd6d4
35.Qe3c1 Qd4f2
36.Qc1d1 Qf2d4
37.Qd1c1 Kg6
38.Qc1e1 Qd4b2
39.Qe1g3 Kh7
40.Be2h5 Qb2g7
41.Qg3xg7 Kxg7
42.Kg1 Kf6
43.Kf2 a6
44.Ke3 Ke7
45.g4 Kf6
46.gxf5 b5
47.cxb5 axb5
48.Bh5e2 Bb7c6
49.Be2g4 Bc6d5
50.Bg4e2 Bd5c6
{ draw }
1/2-1/2

[Event "Tourn. n7965"]
[Site "www.chess-mail.com"]
[Date "2015.03.11"]
[Round "1"]
[White "Ffdd65"]
[Black "Liencam2"]
[WhiteElo "2150"]
[BlackElo "2240"]
[Result "0-1"]
[Round "1"]
1.e4 c5
2.Ng1f3 e6
3.Nb1c3 a6
4.Bf1e2 Nb8c6
5.a3 d6
6.d3 Ng8f6
7.h3 Bf8e7
8.O-O b5
9.Bc1d2 Bc8b7
10.Nf3h2 d5
11.exd5 exd5
12.Be2f3 Nc6d4
13.Nc3e2 Nd4xf3
14.Nh2xf3 d4
15.Ne2f4 O-O
16.Rf1e1 Qd8d6
17.g3 Rf8e8
18.Nf3h2 Qd6c6
19.f3 Be7d6
20.Kg2 Nf6d5
21.Nf4xd5 Qc6xd5
22.Re1e2 Re8e6
23.Re2xe6 Qd5xe6
24.Qd1f1 Qe6g6
25.Qf1f2 Ra8e8
26.Ra1e1 Re8e6
27.Re1xe6 Qg6xe6
28.Nh2f1 Bb7c8
29.g4 h5
30.Qf2e1 hxg4
31.Qe1xe6 gxf3
32.Kxf3 Bc8xe6
33.Kg2 Be6d5
34.Kf2 Bd6e7
35.Bd2f4 g5
36.Bf4g3 f5
37.Nf1d2 Kf7
38.c4 dxc3
39.bxc3 c4
40.dxc4 bxc4
41.Nd2b1 Bd5e4
42.Nb1d2 Be4d3
43.a4 Be7f6
44.Nd2f3 Bf6xc3
45.Nf3xg5 Kf6
46.Ng5h7 Kg6
47.Nh7f8 Kf7
48.Nf8d7 Bc3d4
49.Ke1 c3
50.Bg3e5 c2
51.Be5f4 Bd4c3
52.Kf2 Ke8
53.Nd7b8 Bc3e5
{ resign }
0-1

[Event "Tourn. n8080"]
[Site "www.chess-mail.com"]
[Date "2015.03.11"]
[Round "1"]
[White "Falcoale"]
[Black "Blackpool"]
[WhiteElo "1860"]
[BlackElo "1990"]
[Result "1-0"]
[Round "1"]
1.e4 e6
2.d4 d5
3.exd5 exd5
4.Ng1f3 Ng8f6
5.Nb1c3 Bf8b4
6.a3 Bb4xc3
7.bxc3 O-O
8.Bc1g5 Rf8e8
9.Nf3e5 Nb8c6
10.Bf1e2 Nc6xe5
11.dxe5 Re8xe5
12.f4 Re5e8
13.O-O c6
14.c4 Qd8b6
15.Kh1 Nf6e4
16.Bg5h4 Ne4c3
17.Bh4f2 Nc3xe2
18.Bf2xb6 { resign }
1-0

[Event "Tourn. n8002"]
[Site "www.chess-mail.com"]
[Date "2015.03.11"]
[Round "1"]
[White "Samael"]
[Black "Bigoak"]
[WhiteElo "2090"]
[BlackElo "1970"]
[Result "1/2-1/2"]
[Round "1"]
1.e4 c6
2.Ng1f3 d5
3.exd5 cxd5
4.d4 Nb8c6
5.Bc1e3 Bc8g4
6.Bf1e2 Ng8f6
7.O-O e6
8.h3 Bg4h5
9.Nb1c3 Bf8b4
10.Be3d2 Bh5xf3
11.Be2xf3 Ra8c8
12.Rf1e1 O-O
13.Nc3e2 Qd8a5
14.c3 Bb4e7
15.a3 Nf6e4
16.Bf3xe4 dxe4
17.Kh1 f5
18.Qd1b3 Qa5d5
19.Qb3xd5 exd5
20.Ne2f4 Rf8d8
21.Nf4e2 g5
22.Re1f1 f4
23.Ra1e1 Nc6a5
24.Re1d1 Rc8c6
25.Bd2c1 Na5b3
26.Bc1d2 Rc6b6
27.Ne2c1 Rd8d6
28.Nc1xb3 Rb6xb3
29.Bd2c1 a5
30.Rf1e1 b5
31.Re1e2 Kf7
32.f3 e3
33.g3 b4
34.axb4 axb4
35.Re2c2 Rd6c6
36.Rd1d3 Be7f6
37.Kg2 Ke6
38.Kf1 bxc3
39.bxc3 Rc6c4
{ draw }
1/2-1/2

[Event "Tourn. n8124"]
[Site "www.chess-mail.com"]
[Date "2015.03.11"]
[Round "1"]
[White "Neo"]
[Black "Dominiquer"]
[WhiteElo "1740"]
[BlackElo "1770"]
[Result "0-1"]
[Round "1"]
1.d4 d5
2.e3 Ng8f6
3.g3 Nb8c6
4.Bf1g2 Bc8f5
5.Ng1f3 Qd8d7
6.O-O Bf5h3
7.Bg2xh3 Qd7xh3
8.Nf3g5 Qh3f5
9.Ng5f3 e5
10.dxe5 Nc6xe5
11.Nf3xe5 Qf5xe5
12.Nb1c3 O-O-O
13.Rf1e1 Bf8b4
14.a3 Bb4xc3
15.bxc3 h5
16.Bc1b2 g5
17.Qd1b1 Qe5e4
18.c4 Rh8h6
19.Bb2xf6 Rh6xf6
20.cxd5 Qe4f3
21.Re1f1 h4
22.h3 hxg3
23.fxg3 Qf3xg3
24.Kh1 Rd8h8
25.Rf1g1 Rh8xh3

0-1

[Event "Tourn. n7964"]
[Site "www.chess-mail.com"]
[Date "2015.03.11"]
[Round "1"]
[White "Genius9"]
[Black "Kozakliuty"]
[WhiteElo "1270"]
[BlackElo "1500"]
[Result "0-1"]
[Round "1"]
1.d4 b5
2.Ng1f3 Bc8b7
3.e3 a6
4.c4 bxc4
5.Bf1xc4 e6
6.O-O Ng8f6
7.Nb1c3 d6
8.b3 Bf8e7
9.Bc1b2 Nb8d7
10.Qd1e2 O-O
11.Rf1d1 d5
12.Bc4d3 h6
13.Nf3e5 Be7d6
14.f4 c5
15.Ne5xd7 Nf6xd7
16.Bd3c2 cxd4
17.Rd1xd4 Ra8c8
18.Qe2d3 g6
19.Qd3e2 Qd8c7
20.a3 e5
21.fxe5 Bd6xe5
22.Rd4d1 Be5xc3
{ resign }
0-1

[Event "Tourn. n8118"]
[Site "www.chess-mail.com"]
[Date "2015.03.11"]
[Round "1"]
[White "Oliverio"]
[Black "Vinvangogh"]
[WhiteElo "1520"]
[BlackElo "1540"]
[Result "1-0"]
[Round "1"]
1.e4 e5
2.f4 exf4
3.Ng1f3 d5
4.exd5 Qd8xd5
5.Nb1c3 Qd5d8
6.d4 Bf8d6
7.Bf1c4 Qd8e7
8.Qd1e2 Qe7xe2
9.Kxe2 Ng8h6
10.Nc3e4 O-O
11.Ne4xd6 cxd6
12.Bc1xf4 Rf8e8
13.Kd2 Nh6f5
14.Nf3g5 Nf5xd4
15.Bc4xf7 Kf8
16.Bf4xd6 Re8e7
17.Rh1f1 Nb8d7
18.Ng5xh7 { resign }
1-0

[Event "Match"]
[Site "www.echecsemail.com"]
[Date "2015.03.11"]
[Round "1"]
[White "F14"]
[Black "Drdoom"]
[WhiteElo "1890"]
[BlackElo "1770"]
[Result "1-0"]
[Round "1"]
1.e4 e5
2.d4 exd4
3.Qd1xd4 Nb8c6
4.Qd4d1 Ng8f6
5.Nb1c3 Bf8b4
6.Bc1d2 O-O
7.Bf1d3 Rf8e8
8.Qd1f3 Nc6e5
9.Qf3g3 Bb4xc3
10.Bd2xc3 d6
11.O-O-O Ne5xd3
12.cxd3 c5
13.Ng1e2 a5
14.f4 g6
15.Qg3g5 Kg7
16.Ne2g3 b5
17.Ng3h5 Kf8
18.Qg5h6 { resign }
1-0

[Event "Match"]
[Site "www.echecsemail.com"]
[Date "2015.03.11"]
[Round "1"]
[White "Chtoubidou"]
[Black "F14"]
[WhiteElo "1880"]
[BlackElo "1599"]
[Result "1-0"]
[Round "1"]
1.c4 e5
2.Nb1c3 Ng8f6
3.g3 Bf8b4
4.Bf1g2 O-O
5.a3 Bb4e7
6.b4 Nb8c6
7.Bc1b2 a6
8.e3 d5
9.d3 Bc8e6
10.c5 e4
11.dxe4 d4
12.exd4 Qd8xd4
13.Qd1xd4 Ra8d8
14.Qd4e3 Nc6e5
15.Ng1e2 Ne5d3
16.Kf1 Nd3xb2
17.Ra1b1 Nb2c4
18.Qe3c1 Nc4d2
19.Ke1 Be6g4
20.f3 Bg4xf3
21.Bg2xf3 Nd2xf3
22.Kf2 Nf3d2
23.Rb1b2 Nd2xe4
24.Nc3xe4 { resign }
1-0

[Event "Match"]
[Site "www.echecsemail.com"]
[Date "2015.03.11"]
[Round "1"]
[White "Generalfree"]
[Black "Maestro"]
[WhiteElo "1710"]
[BlackElo "1960"]
[Result "1/2-1/2"]
[Round "1"]
1.e4 e5
2.Ng1f3 Nb8c6
3.Bf1c4 Ng8f6
4.Nf3g5 d5
5.exd5 Nc6a5
6.Bc4b5 c6
7.dxc6 bxc6
8.Qd1e2 Bf8d6
9.Bb5c4 O-O
10.d3 Na5xc4
11.dxc4 Bc8a6
12.b3 h6
13.Ng5e4 Nf6xe4
14.Qe2xe4 Qd8c7
15.Bc1e3 c5
16.O-O Ba6b7
17.Qe4g4 f5
18.Qg4e2 Qc7c6
19.f3 f4
20.Be3d2 a5
21.a4 Ra8e8
22.Nb1c3 Qc6d7
23.Nc3b5 e4
24.Nb5xd6 Qd7xd6
25.Qe2f2 e3
26.Bd2xe3 Re8xe3
27.Ra1d1 Qd6g6
28.Rd1d3 Rf8e8
29.Rd3xe3 Re8xe3
30.Kh1 Qg6f6
31.Rf1e1 Re3xe1
32.Qf2xe1 Bb7c6
33.Qe1xa5 Qf6d4
34.h4 Qd4f2
35.Qa5d8 Kh7
36.Qd8d3 { draw }
1/2-1/2

[Event "Match"]
[Site "www.echecsemail.com"]
[Date "2015.03.11"]
[Round "1"]
[White "Generalfree"]
[Black "Calponas"]
[WhiteElo "1830"]
[BlackElo "2070"]
[Result "1-0"]
[Round "1"]
1.e4 c5
2.f4 Nb8c6
3.Ng1f3 g6
4.c3 Bf8g7
5.e5 d5
6.exd6 exd6
7.h4 Ng8f6
8.d3 O-O
9.Bf1e2 Bc8g4
10.Nb1d2 Rf8e8
11.Kf2 d5
12.Rh1e1 Qd8d6
13.g3 Ra8d8
14.b3 Nf6h5
15.Nd2f1 d4
16.c4 Re8e7
17.Nf1h2 Bg4d7
18.a3 a5
19.Bc1d2 Rd8e8
20.Kg2 Qd6e6
21.g4 Nh5xf4
22.Bd2xf4 f5
23.g5 Nc6e5
24.Nf3xe5 Bg7xe5
25.Be2f3 Qe6d6
26.Bf4xe5 Re7xe5
27.Re1xe5 Re8xe5
28.Bf3xb7 Re5e3
29.Nh2f3 Kg7
30.Ra1a2 Qd6b6
31.Bb7d5 Qb6xb3
32.Qd1xb3 { resign }
1-0

[Event "Match"]
[Site "www.echecsemail.com"]
[Date "2015.03.11"]
[Round "1"]
[White "Reanna"]
[Black "Gilliere"]
[WhiteElo "1630"]
[BlackElo "1850"]
[Result "0-1"]
[Round "1"]
1.c4 e5
2.e4 d6
3.Ng1f3 Ng8f6
4.d3 Bf8e7
5.Bf1e2 O-O
6.O-O Nb8c6
7.Nb1c3 b6
8.a3 Bc8b7
9.Nc3d5 Nf6xd5
10.exd5 Nc6d4
11.Nf3xd4 exd4
12.b3 Be7f6
13.b4 Rf8e8
14.Be2g4 c5
15.b5 a6
16.Bc1f4 Bf6e5
17.Bf4xe5 dxe5
18.Rf1e1 axb5
19.Qd1b3 bxc4
20.dxc4 g6
21.Qb3g3 f5
22.Re1xe5 fxg4
23.Re5xe8 Qd8xe8
24.Qg3xg4 Qe8e7
25.h4 Ra8e8
26.h5 g5
27.Ra1f1 h6
28.Qg4f5 Qe7f7
29.Qf5g6 Qf7xg6
30.hxg6 Kg7
31.Rf1d1 Kxg6
32.g3 Re8e2
33.Kf1 Re2c2
34.Rd1e1 Rc2xc4
35.d6 d3
36.d7 Rc4d4
37.Re1e7 d2
38.Re7e6 Kh5
39.g4 Kxg4
40.Ke2 Bb7f3
41.Kf1 d1Q
42.Re6e1 Rd4xd7
{ resign }
0-1

[Event "Match"]
[Site "www.echecsemail.com"]
[Date "2015.03.11"]
[Round "1"]
[White "Paco"]
[Black "Darknight"]
[WhiteElo "1930"]
[BlackElo "1800"]
[Result "1-0"]
[Round "1"]
1.e4 e5
2.Ng1f3 Nb8c6
3.Bf1c4 h6
4.d3 Ng8f6
5.c3 d6
6.Qd1b3 Qd8d7
7.O-O a6
8.d4 g5
9.dxe5 dxe5
10.Nb1d2 Bf8d6
11.a3 Nc6a5
12.Qb3a2 Qd7e7
13.Bc4d5 Bc8e6
14.b4 Na5c6
15.Bd5xe6 fxe6
16.Qa2b3 O-O-O
17.a4 a5
18.b5 Nc6b8
19.Nd2c4 b6
20.Nf3xe5 Nf6xe4
21.Ne5g6 Qe7g7
22.Ng6xh8 Rd8xh8
23.Nc4xd6 Ne4xd6
24.Qb3xe6 Kb7
25.Bc1b2 Rh8e8
26.Qe6d5 Ka7
27.Ra1b1 Qg7g6
28.c4 Nb8d7
29.Rb1c1 Nd7c5
30.Qd5c6 Qg6f7
31.Bb2a3 Nd6b7
32.Qc6xh6 Re8g8
33.Rf1d1 g4
34.Qh6e3 Qf7f5
35.Qe3g3 Nc5e4
36.Qg3h4 c5
37.Rd1d5 Qf5f4
38.Rc1f1 Rg8f8
39.Ba3c1 Qf4f7
40.Bc1e3 Nb7d6
41.Rd5e5 Nd6f5
42.Qh4xg4 Nf5xe3
43.Qg4xe4 Ne3f5
44.Rf1d1 Kb8
45.Qe4c6 Nf5d4
46.Qc6xb6 Qf7b7
47.Qb6d6 Ka7
48.Qd6xc5 Qb7b6
49.Qc5xf8 Qb6d6
50.Qf8xd6 Nd4f3
51.gxf3 { resign }
1-0